000 01141nam a2200253Ia 4500
003 GCL
008 140319s9999 xx 000 0 ara d
040 _aGCL /
_cGCL
082 0 4 _a810.8007
_bا م
100 1 _aابن الاثير الكاتب : ضياءالدين ابو الفتح نصرالله بن محمد بن محمد بن عبدالكريم الشيبانى
245 1 0 _aالمثل السائر فى ادب الكاتب والشاعر /
_cابن الاثير الكاتب : ضياءالدين ابو الفتح نصرالله بن محمد بن محمد بن عبدالكريم الشيبانى
700 1 _aنصرالله بن محمد بن عبدالكريم
700 1 _aبدوى طبانة (تقديم)
700 1 _aاحمد الحوفى
260 _aالقاهرة :
_bنهضة مصر للطباعة والنشر والتوزيع
300 _aمتعدد ؛
_c24سم
490 _a
650 0 4 _aالادب العربى
650 0 4 _aالبلاغة العربية
650 0 4 _aالدولة الايوبية
650 0 4 _aالامثال الشعبية
650 0 4 _aالمجموعات
942 _2ddc
_cBK
999 _c33051
_d33051